000 00645cab a2200217 4500
001 WB3242-07
008 090401t1996 xxu||||| |||| 00| 0 eng d
035 _a(Sirsi) u44541
041 _aeng
245 _aLovell signs up subcontractors
260 _c1996
350 _a0
490 _aBuilding
_v261(7965) 8 November 1996, 16(1)
520 _aLovell has signed 40 subcontractors and suppliers under partnering agreements, aimed at improving services to clients.
650 _aLOVELL
650 _aPARTNERING
650 _aSUBCONTRACTORS
690 _aBUILT ENVIRONMENT-BUILDING CONTRACT FORMS
942 _n0
948 _c04/03/1997
999 _c28308
_d28308